LEADER 01630nam a2200337 i 4500 001 000000198742 003 CaOOAMICUS 005 20220701121831.0 008 110309s2011 be u000 u syr u 013 $a177432 020 $a978-90-429-2331-7 040 $aSeMil$bita 245 14$aThe Syriac Vita tradition of Ephrem the Syrian /$cedited by Joseph P. Amar. 260 $aLovanii :$bPeeters,$c2011. 300 $aXXIII, 104 p. ;$c25 cm. 490 0 $aCorpus Scriptorum Christianorum Orientalium ;$v629. 490 0 $aCorpus Scriptorum Christianorum Orientalium. Scriptores Syri ;$v242. 500 $aTesto in orig. siriaco che precede la versione in inglese del vol. successivo. 600 04$aEfrem : Siro .$0(OLS)http://semarc/subject/10355 650 4$aPoesia religiosa siriaca.$0(OLS)http://semarc/subject/52574 650 4$aLetteratura religiosa siriaca.$0(OLS)http://semarc/subject/12464 700 1 $aAmar, Joseph P.,$d<1946- >.$0(OLS)http://semarc/name/58982 830 0$aCorpus Scriptorum Christianorum Orientalium ;$v629.$0(OLS)http://semarc/title/77 830 0$aCorpus Scriptorum Christianorum Orientalium. Scriptores Syri ;$v242.$0(OLS)http://semarc/title/9544 850 $aSeMil 852 $aSeMil$W1$xVenegono$y1$m2S III 629$j149298$B149298$CSeMilBibl$Z2$F160663 $81 961 $aSottoscrizione: Peeters 996 $6020$a978-90-429-2331-7$9(OLS)http://semarc/number/191015 996 $6245$aThe Syriac Vita tradition of Ephrem the Syrian$9(OLS)http://semarc/title/287260 996 $6260$aLovanii :$bPeeters$9(OLS)http://semarc/publisher/29749 LEADER 01452nam a2200253 i 4500 001 000000201744 003 CaOOAMICUS 005 20230928122526.0 008 110504s1812 it u000 u ita u 026 $aa.i- tor- moin dusa (3) 1812 (A) 040 $aSeMil$bita 100 1 $aMarsand, Antonio,$d<1765-1842>.$0(OLS)http://semarc/name/11810 245 10$aSull'influenza somma e perenne della scoperta arduiniana nella prosperità dello stato. Memoria economico politica di Antonio Marsand p. p. di economia pubblica interna del regno e di diritto commerciale nella R. Università di Padova. 246 0 $aUtilità della scoperta arduiniana 260 $aMilano :$bDalla Stamperia Reale,$c1812. 300 $aXVI, 78, [2] p. ;$c8°. 710 2 $aStamperia reale$b.$0(OLS)http://semarc/name/4026 773 0 $t[Miscellanea.$w()24879 850 $aSeMil 852 $aSeMil$W1$xVenegono$y1$m5B II 15/14 FA$j152270$B152270$CSeMilBibl$Z2$F163400 $8I 996 $6246$aUtilità della scoperta arduiniana$9(OLS)http://semarc/title/291988 996 $6245$aSull'influenza somma e perenne della scoperta arduiniana nella prosperità dello stato. Memoria economico politica di Antonio Marsand p. p. di economia pubblica interna del regno e di diritto commerciale nella R. Università di Padova$9(OLS)http://semarc/title/291987 996 $6260$aMilano :$bDalla Stamperia Reale$9(OLS)http://semarc/publisher/32142